Jurassic World Rebirth Dinosaurs - Statistics

General Stats
  • This quiz has been taken 301 times
    94 since last reset
  • The average score is 11 of 18
Answer Stats
Dinosaur Condition (During First Appearace) % Correct
Tyrannosaurus Rex Alive
96%
Mosasaurus Alive
93%
Spinosaurus Alive
89%
Distortus Rex Alive
84%
Velociraptor Alive
82%
Quetzalcoatlus Alive
77%
Mutadon Alive
73%
Titanosaurus Alive
70%
Parasaurolophus Dead (Corpse)
54%
Megalodon Dead (Jaws)
48%
Pteranodon Alive
48%
Ankylosaurus Alive
46%
Dilophosaurus Alive
46%
Apatosaurus Alive
45%
Aquilops Alive
45%
Compsognathus Alive
45%
Dunkleosteus Dead (Head)
41%
Anurognathus Alive
36%
No matching quizzes found
Score Distribution
Percent of People with Each Score
Percentile by Number Answered
Your Score History
You have not taken this quiz since the last reset